Loading...
| History - American History | 0 | 6 | 2 | 2 | 50 | 87 | 108.33 | 0 | 0 |
| Painting & Sculpture | 0 | 4 | 0 | 0 | 40 | 132 | 138.25 | 0 | 0 |
| History - World History | 0 | 4 | 0 | 1 | 40 | 87 | 109.50 | 0 | 0 |
| History - European History | 0 | 4 | 2 | 2 | 30 | 54 | 110.25 | 0 | 1 |
| Literature - American Literature | 0 | 3 | 0 | 0 | 30 | 124 | 133.00 | 0 | 0 |
| Geography | 0 | 3 | 0 | 1 | 30 | 105 | 126.33 | 0 | 0 |
| Any History | 0 | 2 | 0 | 0 | 20 | 121 | 129.50 | 0 | 0 |
| Social Science | 0 | 1 | 0 | 0 | 10 | 129 | 129.00 | 0 | 0 |
| Literature - British Literature | 0 | 1 | 0 | 0 | 10 | 109 | 109.00 | 0 | 0 |
| Literature - European Literature | 0 | 1 | 0 | 1 | 10 | 145 | 145.00 | 0 | 0 |
| Literature - World Literature | 0 | 1 | 0 | 0 | 10 | 138 | 138.00 | 0 | 0 |
| Science - Biology | 0 | 1 | 0 | 0 | 10 | 132 | 132.00 | 0 | 0 |
| Science - Chemistry | 0 | 0 | 0 | 0 | 0 | 0.00 | 0 | 0 | |
| Mythology | 0 | 0 | 1 | 0 | -5 | 0.00 | 0 | 0 | |
| Current Events | 0 | 0 | 2 | 0 | -10 | 0.00 | 0 | 0 |